000 01689nam0a22003851 4500
001 rc\208430
005 20260407132458.0
010 _a5-900616-07-X
_91000
035 _a(NLR Aleph) 005459283
090 _a4939622
_c4939622
100 _a20030307d1997 |||y0rusy50 ca
101 0 _arus
102 _aRU
105 _aa |||||||||
200 1 _aЧайки над Лобней
_eПоэтич. сб. литобъединения "Ладога"
210 _aМ.
_cФеникс
_d1997
215 _a119, [1] с.
_cил.
_d20
327 0 _aСодерж.: Авт.: П. Черняев, Н. Акулов, В. Беликов, В. Васильев, Н. Васильева, Е. Гальянова, Е. Глухов, В. Грядин, Г. Журкина, Т. Ивакина и др.
464 0 _1700#1$aЧерняев$bП.
_aЧерняев, П.
464 0 _1700#1$aАкулов$bН.
_aАкулов, Н.
464 0 _1700#1$aБеликов$bВ.
_aБеликов, В.
464 0 _1700#1$aВасильев$bВ.
_aВасильев, В.
464 0 _1700#1$aВасильева$bН.
_aВасильева, Н.
464 0 _1700#1$aГальянова$bЕ.
_aГальянова, Е.
464 0 _1700#1$aГлухов$bЕ.
_aГлухов, Е.
464 0 _1700#1$aГрядин$bВ.
_aГрядин, В.
464 0 _1700#1$aЖуркина$bГ.
_aЖуркина, Г.
464 0 _1700#1$aИвакина$bТ.
_aИвакина, Т.
712 0 2 _4570
_a"Ладога", литературное объединение
_cЛобня
_9659527
_3RU\NLR\AUTH\8810078683
801 0 _aRU
_bNLR
_gpsbo
801 1 _aRU
_bELAR
_2rusmarc
852 _aNLR
_j97-3/12898
942 _cBOOK
980 _aNB